| 000 | 00855nas a2200277 4500 | ||
|---|---|---|---|
| 001 | BR0900490 | ||
| 003 | BR-BrBNA | ||
| 005 | 20231205113037.0 | ||
| 007 | ta | ||
| 008 | 230509b bl.|||p| |||| 00| 00por d | ||
| 040 |
_aBR-BrBNA _bpor _cBiblioteca Nacional de Agricultura |
||
| 041 | _a(Pt) | ||
| 072 | _aF30 | ||
| 100 | 1 | _aBorges, R.M.E. | |
| 100 | 1 | _aGonçalves, N.P. da S. | |
| 100 | 1 | _aGomes, A.P. de O. | |
| 100 | 1 | _aAlves, E.O. dos S. | |
| 245 | 1 | _aDivergência fenotípica entre acessos de uvas de mesa no Semi-Árido brasileiro | |
| 650 | _aUVA | ||
| 650 | _aMELHORAMENTO GENÉTICO VEGETAL | ||
| 650 | _aGERMOPLASMA | ||
| 650 | _aHÍBRIDO | ||
| 773 | 0 |
_tPesquisa Agropecuária Brasileira (Brazil) _xISSN 0100-204X _g(Aug 2008), v. 43(8) p. 1025-1030 _wBR0900490 |
|
| 909 |
_a202311 _bLúcia _c55 _dLúcia Elande |
||
| 942 |
_2AGRIS _n0 _cANA |
||
| 999 |
_c201501 _d201501 |
||